Statystyki dla Flagi państw graniczących z Polską

Kliknij tutaj aby rozwiązać quiz!

Ogólne statystyki

  • Ten quiz został rozwiązany 43 razy
  • Średni wynik to 7 z 7

Statystyki odpowiedzi

Odpowiedź% Poprawnych
Niemcy
100%
Czechy
97%
Rosja
97%
Ukraina
97%
Słowacja
94%
Białoruś
91%
Litwa
91%

Rozkład punktacji

Percentyl według liczby udzielonych odpowiedzi

Procent ludzi z każdym wynikiem

Twoja historia wyników

Nie rozwiązałeś tego quizu